[Event "SLO-chT2 Ost"]
[Site "Maribor"]
[Date "2009.06.06"]
[Round "3"]
[White "Skasa, Albin"]
[Black "Bajraktarevic, Bajro"]
[Result "1-0"]
[WhiteElo "1853"]
[BlackElo "1782"]
[PlyCount "89"]
[EventDate "2009.05.30"]
[EventType "team-tourn"]
[EventRounds "9"]
[EventCountry "SLO"]
[SourceTitle "EXT 2022"]
[Source "ChessBase"]
[SourceDate "2021.10.06"]
[SourceVersion "1"]
[SourceVersionDate "2021.10.06"]
[SourceQuality "1"]

1. d4 e6 2. c4 d5 3. Nc3 a6 4. cxd5 exd5 5. Bf4 Nf6 6. h3 Bd6 7. Bxd6 Qxd6 8. Qc2 0-0 9. e3 Nc6 10. a3 Re8 11. Nf3 g6 12. Bd3 Bd7 13. 0-0 Kg7 14. b4 b5 15. Bxb5 axb5 16. Nxb5 Nxb4 17. Nxd6 Nxc2 18. Nxe8+ Nxe8 19. Ra2 Bf5 20. Rc1 Nb4 21. Raa1 Nd3 22. Rc3 Nb2 23. Rc5 Be6 24. Ne5 Nc4 25. Nxc4 dxc4 26. a4 Nd6 27. Rxc7 Rc8 28. Rxc8 Nxc8 29. e4 Kf6 30. a5 Na7 31. Rc1 Nc6 32. d5 Nxa5 33. dxe6 Kxe6 34. f4 Kd6 35. Kf2 Kc5 36. Ke3 Kb4 37. g4 Nb3 38. Rb1 Ka3 39. e5 Kb4 40. f5 Kc5 41. Rd1 Kb4 42. e6 fxe6 43. fxe6 c3 44. e7 c2 45. Rh1 1-0

[Event "SLO-chT2 East"]
[Site "Brezice Maribor"]
[Date "2007.05.26"]
[Round "1"]
[White "Tomazini, Aljosa"]
[Black "Skasa, Albin"]
[Result "1-0"]
[WhiteElo "2015"]
[BlackElo "1846"]
[PlyCount "173"]
[EventDate "2007.05.26"]
[EventType "tourn"]
[EventRounds "9"]
[EventCountry "SLO"]
[SourceTitle "EXT 2010"]
[Source "ChessBase"]
[SourceDate "2010.11.25"]
[SourceVersion "1"]
[SourceVersionDate "2010.11.25"]
[SourceQuality "1"]

1. e4 e6 2. d4 d5 3. e5 c5 4. Bd3 cxd4 5. Nf3 Nc6 6. Nbd2 Nge7 7. Nb3 Bd7 8. Bf4 Nb4 9. 0-0 Nxd3 10. Qxd3 Nc6 11. a3 Qb6 12. Nbxd4 Nxd4 13. Nxd4 Be7 14. Be3 Qc7 15. f4 a6 16. Rf3 Rc8 17. c3 Qc4 18. Qd2 0-0 19. Rh3 f6 20. Qc2 g6 21. Re1 fxe5 22. fxe5 Rf7 23. Qd1 Bf8 24. Rh4 Qc7 25. Nf3 Be7 26. Rg4 Rf5 27. h4 Rcf8 28. Qc2 Kh8 29. Qd2 Qd8 30. Ng5 Bxg5 31. Bxg5 Qb6+ 32. Kh1 Qf2 33. Re2 Qf1+ 34. Kh2 Bb5 35. Re1 Qd3 36. Qc1 Rf1 37. Bf6+ Kg8 38. Rxf1 Qxf1 39. Qh6 Rxf6 40. exf6 Qxf6 41. h5 Bd3 42. hxg6 Bxg6 43. Qg5 Qxg5 44. Rxg5 Kf7 45. Kg3 Kf6 46. Rg4 e5 47. Kf2 Ke6 48. Ke3 Kd6 49. Rh4 Kc5 50. Rg4 a5 51. Rg5 Kd6 52. Rg4 Kc5 53. Rh4 b5 54. Rg4 a4 55. Rg5 Kd6 56. Rg3 Kc5 57. Rf3 Kc4 58. Kd2 d4 59. cxd4 exd4 60. Rf8 Kb3 61. Kc1 Kc4 62. Kd2 Kb3 63. Kc1 Kc4 64. Rb8 Be4 65. g3 Bg6 66. Kd2 Bf5 67. Rb7 Kc5 68. Rc7+ Kd6 69. Rf7 Bg6 70. Rf6+ Kc5 71. g4 Kc4 72. Rb6 Kc5 73. Rb8 Kc4 74. Ke2 Kc5 75. Rc8+ Kd5 76. Kf3 Bd3 77. Kf4 Ke6 78. Rd8 Kf7 79. Rxd4 Bc4 80. Rd6 Be6 81. Rb6 Bc4 82. Kg5 Be2 83. Rb7+ Kg8 84. Kf5 h6 85. Kg6 Kf8 86. Kh5 Ke8 87. Rh7 1-0